[Event "OP-2010-0-01261"]
[Site "LSS email"]
[Date "2010.09.12"]
[Round "?"]
[White "Luethi, Hansjuerg"]
[Black "Jara, Julio Cesar"]
[Result "1-0"]
[WhiteElo "1861"]
[BlackElo "1545"]
[PlyCount "85"]
[EventDate "2010.09.08"]
[EventType "tourn (corr)"]
[EventRounds "4"]
[EventCountry "GER"]
[SourceTitle "Telechess CBM 143"]
[Source "ChessBase"]
[SourceDate "2011.07.15"]
[SourceVersion "1"]
[SourceVersionDate "2011.07.15"]
[SourceQuality "1"]

1. e4 e5 2. Nf3 Nc6 3. Bb5 a6 4. Ba4 Nf6 5. 0-0 Bc5 6. Re1 b5 7. Bb3 d6 8. c3 Bb7 9. d4 Bb6 10. Bg5 h6 11. Be3 0-0 12. d5 Na5 13. Bxb6 cxb6 14. Bc2 Qc7 15. b3 Rae8 16. a4 bxa4 17. Rxa4 Ra8 18. Qe2 b5 19. Ra3 Bc8 20. Bd3 Bd7 21. b4 Nc4 22. Bxc4 Qxc4 23. Qxc4 bxc4 24. Ra5 Bb5 25. Na3 g6 26. Nd2 Rfc8 27. Ra1 Rab8 28. Nxb5 axb5 29. Ra7 Rd8 30. R1a6 Kg7 31. f3 Ne8 32. g4 Nf6 33. Nb1 Ne8 34. Na3 Kg8 35. Kf2 f5 36. h3 fxe4 37. fxe4 Rdc8 38. Re7 h5 39. g5 Ra8 40. Rxa8 Rxa8 41. Nxb5 Ra2+ 42. Kf3 Kf8 43. Rxe8+ 1-0

[Event "CFriend AP-2005-Q-00014 email"]
[Site "Chessfriend.com"]
[Date "2005.07.11"]
[Round "1"]
[White "Florea, Mihai"]
[Black "Luethi, Hansjuerg"]
[Result "1-0"]
[WhiteElo "2338"]
[BlackElo "2031"]
[PlyCount "33"]
[EventDate "2005.??.??"]
[EventType "tourn (corr)"]
[EventRounds "12"]
[SourceTitle "Corr 2024"]
[Source "ChessBase"]
[SourceDate "2023.10.19"]
[SourceVersion "1"]
[SourceVersionDate "2023.10.19"]
[SourceQuality "1"]

1. e4 e5 2. Nf3 Nf6 3. Nc3 Bb4 4. Bc4 0-0 5. d3 d5 6. exd5 Nxd5 7. Bd2 Nxc3 8. bxc3 Bd6 9. Qe2 Qf6 10. Ng5 h6 11. Ne4 Qg6 12. 0-0 Bg4 13. f3 Be6 14. Bxe6 Qxe6 15. f4 f5 16. Ng3 Nc6 17. fxe5 1-0

[Event "CFriend AP-2005-Q-00014 email"]
[Site "Chessfriend.com"]
[Date "2005.07.11"]
[Round "1"]
[White "Haack, Stefan"]
[Black "Luethi, Hansjuerg"]
[Result "0-1"]
[WhiteElo "1644"]
[BlackElo "2031"]
[PlyCount "20"]
[EventDate "2005.??.??"]
[EventType "tourn (corr)"]
[EventRounds "12"]
[SourceTitle "Corr 2024"]
[Source "ChessBase"]
[SourceDate "2023.10.19"]
[SourceVersion "1"]
[SourceVersionDate "2023.10.19"]
[SourceQuality "1"]

1. d4 Nf6 2. c4 c5 3. d5 b5 4. cxb5 a6 5. bxa6 Bxa6 6. Nc3 d6 7. Nf3 g6 8. e4 Bxf1 9. Kxf1 Bg7 10. g3 0-0 0-1

[Event "CFriend AP-2005-Q-00014 email"]
[Site "Chessfriend.com"]
[Date "2005.07.11"]
[Round "1"]
[White "Luethi, Hansjuerg"]
[Black "Ambalavanan, Avudainayagam"]
[Result "0-1"]
[WhiteElo "2031"]
[BlackElo "1491"]
[PlyCount "56"]
[EventDate "2005.??.??"]
[EventType "tourn (corr)"]
[EventRounds "12"]
[SourceTitle "Corr 2024"]
[Source "ChessBase"]
[SourceDate "2023.10.19"]
[SourceVersion "1"]
[SourceVersionDate "2023.10.19"]
[SourceQuality "1"]

1. e4 e5 2. Nf3 Nc6 3. Bb5 a6 4. Ba4 Nf6 5. 0-0 b5 6. Bb3 Be7 7. Re1 0-0 8. c3 d5 9. exd5 Nxd5 10. Nxe5 Nxe5 11. Rxe5 c6 12. d4 Bd6 13. Re1 Qh4 14. g3 Qh3 15. Bxd5 cxd5 16. Qf3 Be6 17. Be3 Rad8 18. Nd2 Bg4 19. Qxd5 Be6 20. Qg2 Qh5 21. Qf3 Bg4 22. Qc6 f5 23. Qxa6 f4 24. Bxf4 Bxf4 25. gxf4 Rxf4 26. Re5 Qf7 27. f3 Bxf3 28. Nxf3 Rxf3 0-1

[Event "CFriend AP-2005-Q-00014 email"]
[Site "Chessfriend.com"]
[Date "2005.07.11"]
[Round "1"]
[White "Luethi, Hansjuerg"]
[Black "Farkas, Lajos"]
[Result "0-1"]
[WhiteElo "2031"]
[BlackElo "2020"]
[PlyCount "78"]
[EventDate "2005.??.??"]
[EventType "tourn (corr)"]
[EventRounds "12"]
[SourceTitle "Corr 2024"]
[Source "ChessBase"]
[SourceDate "2023.10.19"]
[SourceVersion "1"]
[SourceVersionDate "2023.10.19"]
[SourceQuality "1"]

1. e4 e5 2. Nf3 Nc6 3. Bb5 a6 4. Ba4 Nf6 5. 0-0 Be7 6. Re1 b5 7. Bb3 d6 8. c3 0-0 9. h3 Na5 10. Bc2 c5 11. d4 Qc7 12. Nbd2 Nc6 13. d5 Nd8 14. a4 Rb8 15. axb5 axb5 16. Nf1 Ne8 17. b4 c4 18. N3h2 f5 19. exf5 Bxf5 20. Bxf5 Rxf5 21. Be3 Rf8 22. Nf3 Qd7 23. Ng3 Nc7 24. Ra7 Rb7 25. Ra3 Rb8 26. Qd2 Qe8 27. Nxe5 dxe5 28. d6 Bxd6 29. Qxd6 Rf7 30. Qd1 Nc6 31. Ne4 Rd8 32. Qh5 Rfd7 33. Qg4 Qf7 34. Bb6 Qf4 35. Qxf4 exf4 36. Bxc7 Rxc7 37. Ra6 Rd5 38. Rb6 f3 39. Re3 fxg2 0-1